| 000 | 01077nam a22002897a 4500 | ||
|---|---|---|---|
| 003 | DO-SdBNP | ||
| 005 | 20231009122417.0 | ||
| 006 | a||||gr|||| 00| 0 | ||
| 007 | ta | ||
| 008 | 231009e2017 sp aoc|| |||| 00| j spa d | ||
| 020 | _a9788415973959 | ||
| 040 |
_aDO-SdBNP _bspa _cBNPHU _erda |
||
| 082 | 4 |
_222 _bL847c |
|
| 100 | 1 |
_aLondon, Jack, _d1876-1916 _933180 _eautor |
|
| 245 | 1 | 0 |
_aCuentos completos I: _b(1893-1902). / _c Juck London ; traducción de Susana Carral. |
| 264 |
_aMadrid, España _bReino de Cordelia, _c2017 |
||
| 300 |
_a822 páginas : _bIlustraciones, fotografías, retratos ; _c23 cm. |
||
| 336 |
_2rdacontent _atexto _btxt |
||
| 337 |
_2rdamedia _asin mediación _bn |
||
| 338 |
_2rdacarrier _avolumen _bnc |
||
| 490 |
_aReino de Cordelia ; _v35 |
||
| 500 | _aIncluye datos biográficos del autor en la solapa de cubierta. | ||
| 534 |
_aTítulo original: The Complete Short stories _b1a. edición _cstanford University Press, California, 1993. |
||
| 590 | _aInventariado 2023 / MF | ||
| 700 | 1 |
_aCarral, Susana, _etraductora _984419 |
|
| 942 |
_2ddc _cLBS1 |
||
| 999 |
_c55120 _d55120 |
||